The Pioneers (Record no. 1015)
[ view plain ]
| 000 -LEADER | |
|---|---|
| fixed length control field | 00373nam a22001577a 4500 |
| 005 - DATE AND TIME OF LATEST TRANSACTION | |
| control field | 20150609055736.0 |
| 008 - FIXED-LENGTH DATA ELEMENTS--GENERAL INFORMATION | |
| fixed length control field | 150609b xxu||||| |||| 00| 0 eng d |
| 041 0# - LANGUAGE CODE | |
| Language code of text/sound track or separate title | eng |
| 080 ## - UNIVERSAL DECIMAL CLASSIFICATION NUMBER | |
| Universal Decimal Classification number | 626.211 |
| 100 ## - Rafti | |
| Rafti | Huston Horn |
| 245 ## - TITLE STATEMENT | |
| Title | The Pioneers |
| 260 ## - | |
| -- | New York : |
| -- | RCA Victor, |
| -- | [1966] |
| 300 ## - | |
| -- | 239 f. |
| -- | me il.; |
| -- | 25 cm. |
| 650 1# - | |
| -- | Pioneret |
| 942 ## - ADDED ENTRY ELEMENTS (KOHA) | |
| Source of classification or shelving scheme | |
| Item type | Books |
| Withdrawn status | Lost status | Source of classification or shelving scheme | Damaged status | Not for loan | Collection code | Permanent location | Current location | Shelving location | Date acquired | Total Checkouts | Full call number | Date last seen | Price effective from | Koha item type |
|---|---|---|---|---|---|---|---|---|---|---|---|---|---|---|
| Koleksioni i përgjithshem | UBT - Prishtine | UBT - Prishtine | Koleksioni i përgjithshem | 06/09/2015 | 626.211 PIO | 06/09/2015 | 06/09/2015 | Books |